00410nam a2200097Ia 45000010005000000080041000050820019000461000076000652450147001412600024002882877241024s9999 xx 000 0 und d aRD/379.2/R426p aRepública Dominicana. Ministerio de Educación/Cámara de Diputados 0aProyectos incorporar currículo escolar la materia de educación vial, los fenomenos naturales, educación sexual y violencia infrafamiliar bSanto Domingoc2012